Cuestionario de La La Love You - Estadísticas

Estadísticas generales
  • Esta prueba ha sido intentada 12 veces
  • La puntuación promedio es 6 de 15
Estadísticas de respuestas
Pregunta Respuesta % Correcto
Cuál es su Canción con más streams en Spotify? "El Fin Del Mundo"
100%
Cual es su colaboración con más streams en spotify? "El principio de Algo" con Samuraï
60%
En qué año ganaron su MTV EMA por mejor artista de España? 2020
40%
Qué album contiene la canción "Canción a quemarropa" Blockbuster
40%
Con que canción SI entraron a "Eurovisión:El Retorno 2009" Dame un Beso
40%
Cómo se llamaba su canción "Super (Héroe)" antes de incluirse en su EP "Me quedo con tu cara"? El Águila Roja
40%
Como se llaman sus miembros ACTUALES Óscar Hoyos,Lyd Carré,Roberto Carlos Castrillo,David Merino
40%
De donde son los integrantes? Parla,Leganés y Avilés
40%
Por qué su último album de estudio "Blockbuster" recibió ese nombre Porque sus canciones tratan de películas
40%
Con qué canción intentaron entrar a "Salvemos Eurovisión" pero les descalificaron? Sabesquetequiero
40%
A qué discográfica pertenecen ahora mismo? Subterfuge Records
40%
Cómo se llama su primer álbum de estudio? Umm...Qué Rico!
40%
Cuando fue el LALADAY (su primer concierto en el Wizink) 15 de marzo del 2024
20%
Cual es la cancion con menos streams que tienen? "Flash de Limón"
20%
Sigue la letra:"Dime por qué me has dejado,estoy enamorado..." Y me siento fatal
20%
No se encontraron pruebas coincidentes
Distribución de puntuación
Porcentaje de gente con cada puntuación
Porcentaje por número respondido
Historial de tus puntuaciones
No has intentado esta prueba.